| 000 | 00455nam a2200181 a 4500 | ||
|---|---|---|---|
| 005 | 20140414131922.0 | ||
| 008 | 040201s19uu xx 00 eng d | ||
| 020 | _a0-307-01008-2 | ||
| 050 |
_aER _bW55 1987 |
||
| 100 | _aAlexander, Liza | ||
| 245 |
_aWhat's up in the attic? / _cLiza Alexander. |
||
| 260 |
_aU.S.A : _bWestern, _c1987. |
||
| 300 | _ap. ; cm. | ||
| 440 | _aSesame street | ||
| 999 |
_c111806 _d111806 |
||